000 00945nam a2200241 a 4500
001 233
003 BD-RjUL
005 20211208233133.0
008 131113s1961 ii |||| 000 1 ben d
020 _cPRs. 5.62
035 _a(BD-RjUL) 247
040 _aBD-RjUL
_bben
_cBD-RjUL
_dBD-RjUL
041 _aben
082 0 4 _a891.4409
_bNAS 1961
_223
100 1 _a নাথ, দ্বিজেন্দ্রলাল
_9701
245 0 0 _aসাহিত্য ও শিল্পলোক /
_cদ্বিজেন্দ্রলাল নাথ.
260 _aকলকাতা :
_bএ. মুখার্জি অ্যান্ড কোং,
_c১৯৬১ [১৩৬৮]
300 _a২২১পৃ. ;
_c১৮ সেমি.
526 _bBengali.
650 _aবাংলা সাহিত্য
_9120248
_xইতিহাস ও সমালোচনা
650 _aBengali Literature
_9120249
_xHistory and Criticism
942 _2ddc
_cBK
999 _c233
_d233